| 000 | 00615nam a22001577a 4500 | ||
|---|---|---|---|
| 008 | 230609b |||||||| |||| 00| 0 eng d | ||
| 020 | _a0-08-026221-X | ||
| 040 |
_aNational Science Library _cNational Science Library |
||
| 080 |
_a621.039.665(082.2) _bM2 |
||
| 245 |
_aRecent advances in analytical spectroscopy _c/Proceeding of the 9th international conference on atomic spectroscopy and 22 colloquium spectroscopicum international Tokyo Japan 4-8 September 1981 |
||
| 260 |
_aOxford _bPergamon Press, _c1981 |
||
| 300 | _a325p. | ||
| 650 | _aSpectroscopy | ||
| 700 | _aFuwa, Keiichiro (Ed.) | ||
| 942 |
_2udc _cPR |
||
| 999 |
_c41849 _d41849 |
||